[Event "Paracin Winter op"]
[Site "Paracin"]
[Date "2018.02.01"]
[Round "4"]
[White "Marjanovic, Milija"]
[Black "Jankovic, Milos I"]
[Result "1-0"]
[WhiteElo "1571"]
[BlackElo "1330"]
[PlyCount "63"]
[EventDate "2018.01.30"]
[EventType "swiss"]
[EventRounds "9"]
[EventCountry "SRB"]
[SourceTitle "CBM 182 Extra"]
[Source "ChessBase"]
[SourceDate "2018.02.23"]
[SourceVersion "1"]
[SourceVersionDate "2018.02.23"]
[SourceQuality "1"]

1. e4 e5 2. Nf3 Nc6 3. Bc4 Nf6 4. d3 Bc5 5. Bg5 h6 6. Bh4 d6 7. c3 Bd7 8. Nbd2 Qe7 9. b4 Bb6 10. a4 a6 11. a5 Ba7 12. Qb3 0-0 13. h3 Rfe8 14. Qc2 Qd8 15. g4 Qc8 16. Qb3 Rf8 17. 0-0-0 b5 18. axb6 Bxb6 19. Bxf6 gxf6 20. Rdf1 a5 21. b5 a4 22. Qa2 Be6 23. bxc6 Bxc4 24. Nxc4 Qe6 25. Nh4 d5 26. exd5 Qxd5 27. Nf5 Qc5 28. Kd2 Kh7 29. Nce3 Rg8 30. Ra1 Rg6 31. Qc4 Qxc4 32. Nxc4 1-0

[Event "Paracin Winter op"]
[Site "Paracin"]
[Date "2018.01.31"]
[Round "2"]
[White "Rajic, Milovan"]
[Black "Jankovic, Milos I"]
[Result "1-0"]
[WhiteElo "1754"]
[BlackElo "1330"]
[PlyCount "41"]
[EventDate "2018.01.30"]
[EventType "swiss"]
[EventRounds "9"]
[EventCountry "SRB"]
[SourceTitle "CBM 182 Extra"]
[Source "ChessBase"]
[SourceDate "2018.02.23"]
[SourceVersion "1"]
[SourceVersionDate "2018.02.23"]
[SourceQuality "1"]

1. d4 d5 2. c4 e6 3. Nf3 Bb4+ 4. Bd2 Bxd2+ 5. Nbxd2 Nf6 6. e3 Nc6 7. Bd3 Bd7 8. Qb3 Na5 9. Qc3 Nc6 10. b4 a6 11. a4 Qe7 12. Rb1 0-0 13. 0-0 Qd6 14. b5 axb5 15. axb5 Ne7 16. c5 Bxb5 17. cxd6 Bxd3 18. dxe7 Bxb1 19. exf8Q+ Rxf8 20. Rxb1 g6 21. Rxb7 1-0